banner koha

Effect of air and fuel supercharging on emissions from an agricultural engine (Registro n. 257828)

MARC details
000 -LÍDER
campo de controle de tamanho fixo 00965nas a2200301 4500
001 - NÚMERO DE CONTROLE
campo de controle BR2019001852
003 - IDENTIFICADOR DO NÚMERO DE CONTROLE
campo de controle BR-BrBNA
005 - DATA E HORÁRIO DA ÚLTIMA TRANSAÇÃO
campo de controle 20231205132003.0
007 - CAMPO FIXO DE DESCRIÇÃO FÍSICA--INFORMAÇÃO GERAL
campo de controle de tamanho fixo ta
008 - CAMPO DE DADOS FIXOS--INFORMAÇÃO GERAL
campo de controle de tamanho fixo 230509b bl.|||p| |||| 00| 00por d
040 ## - FONTE DA CATALOGAÇÃO
Instituição da catalogação original BR-BrBNA
Idioma da catalogação por
Instituição que transcreveu o registro Biblioteca Nacional de Agricultura
041 ## - CÓDIGO DE IDIOMA
Código do idioma do texto/trilha sonora ou título diferente (En)
072 ## - CÓDIGO DE CATEGORIA DE ASSUNTO
Código de Categoria de Assunto N20; T01
100 1# - ENTRADA PRINCIPAL--NOME PESSOAL
Nome pessoal Farias, M.S. de
100 1# - ENTRADA PRINCIPAL--NOME PESSOAL
Nome pessoal Schlosser, j.F.
100 1# - ENTRADA PRINCIPAL--NOME PESSOAL
Nome pessoal Bertollo, G.M.
100 1# - ENTRADA PRINCIPAL--NOME PESSOAL
Nome pessoal Negri, G.M.
100 1# - ENTRADA PRINCIPAL--NOME PESSOAL
Nome pessoal Oliveiras, L.F.V. de
245 1# - TÍTULO
Título Effect of air and fuel supercharging on emissions from an agricultural engine
650 ## - ASSUNTO--TERMO TÓPICO
Cabeçalho tópico ou nome geográfico EQUIPAMENTO AGRÍCOLA
650 ## - ASSUNTO--TERMO TÓPICO
Cabeçalho tópico ou nome geográfico TRATOR
650 ## - ASSUNTO--TERMO TÓPICO
Cabeçalho tópico ou nome geográfico POLUIÇÃO
650 ## - ASSUNTO--TERMO TÓPICO
Cabeçalho tópico ou nome geográfico ANÁLISE
773 0# - ENTRADA ANALÍTICA
Título Científica. Revista de Ciências Agrárias (Brazil)
ISSN - International Standard Serial Number ISSN 1984-5529
Partes relacionadas (2018), v. 46(4) p. 337-343
Número de controle do registro BR2019001852
856 40 - LOCALIZAÇÃO ELETRÔNICA E ACESSO
Uniform Resource Identifier <a href="http://cientifica.org.br/index.php/cientifica/article/view/1159/672">http://cientifica.org.br/index.php/cientifica/article/view/1159/672</a>
909 ## -
-- 202311
-- Lúcia
-- 55
-- Lúcia Elande
942 ## - ELEMENTOS DE ENTRADA ADICIONADOS (KOHA)
Fonte da classificação ou esquema de arquivamento na estante Classificação AGRIS
Ocultar no OPAC Não
Tipo de material Koha Analítica
Exemplares
Situação do descarte Fonte da classificação ou esquema de arquivamento na estante Situação física Não pode ser emprestado Biblioteca de origem Biblioteca atual Localização na estante Enumeração do periódico / cronologia Total de empréstimos Data de último acesso Número do exemplar Tipo de material Koha Fonte de aquisição
  Classificação AGRIS   Consulta local Biblioteca Nacional de Agricultura - Binagri Biblioteca Nacional de Agricultura - Binagri   (2018), v. 46(4) p. 337-343   29/11/2023 01 Periódicos Portaria Interministerial nº 164/94

BINAGRI

Telefone: (61)3218-2567/2388/3357/2097 - binagri@agro.gov.br

Ministério da Agricultura e Pecuária , Esplanada dos Ministérios, Bloco D, Anexo B, Brasília/DF, CEP: 70.043-900